|
|
|
|
| LEADER |
00000nam a2200000Ii 4500 |
| 001 |
DIGCOLMX0050 |
| 003 |
NyNyDIG |
| 007 |
cr ||||||||||| |
| 008 |
211113s2019 mx a ob 000 0 spa d |
| 006 |
m o d |
| 035 |
|
|
|a (OCoLC)1287830110
|
| 040 |
|
|
|a DGITA
|b eng
|e rda
|e pn
|c DGITA
|
| 041 |
1 |
|
|a spa
|h akk
|
| 020 |
|
|
|a 9786076283967
|q eBook
|
| 050 |
1 |
4 |
|a PJ3771.G5 ebook
|
| 082 |
1 |
4 |
|a 892.1
|
| 130 |
0 |
|
|a Gilgamesh.
|l Spanish
|s (Silva Castillo)
|
| 245 |
1 |
0 |
|a Gilgamesh o La angustia por la muerte :
|b poema babilonio /
|c traducción directa del acadio, introducción y notas de Jorge Silva Castillo.
|
| 246 |
3 |
0 |
|a Gilgamesh
|
| 246 |
3 |
0 |
|a Angustia por la muerte
|
| 250 |
|
|
|a Primera edición electrónica.
|
| 264 |
|
1 |
|a Ciudad de México :
|b El Colegio de México,
|c 2019.
|
| 300 |
|
|
|a 1 online resource :
|b illustrations.
|
| 336 |
|
|
|a text
|b txt
|2 rdacontent
|
| 337 |
|
|
|a computer
|b c
|2 rdamedia
|
| 338 |
|
|
|a online resource
|b cr
|2 rdacarrier
|
| 347 |
|
|
|a text file
|2 rdaft
|
| 347 |
|
|
|b EPUB
|
| 504 |
|
|
|a Includes bibliographical references.
|
| 588 |
0 |
|
|a Online resource; title from ePub title page (Digitalia, viewed November 13, 2021)
|
| 650 |
|
0 |
|a Epic poetry, Assyro-Babylonian
|x Translations into Spanish.
|
| 655 |
|
0 |
|a Electronic books.
|
| 700 |
1 |
|
|a Silva Castillo, Jorge,
|e translator.
|
| 791 |
2 |
|
|a Digitalia (Firm),
|e distributor.
|
| 793 |
0 |
|
|g Digitalia eBook Collection:
|a El Colegio de México
|
| 856 |
4 |
0 |
|3 Digitalia Hispánica
|u https://www.digitaliapublishing.com/a/102661/
|
| 910 |
|
|
|a Premium collection: 2021
|